000 01271nam a2200361 a 4500
001 000111367
003 CHAP
005 20220329144208.0
008 150330s2015 mx a fsm |||||||spa d
010 _a107829
011 _a108801
040 _cCHAP
090 _aTesis
100 1 _aSotelo Turban, Marco Antonio
_9129222
245 1 0 _aComposición química de tres gramíneas del estado de Morelos
_h[En línea]
_cpor Marco Antonio Sotelo Turban.
260 _aChapingo, Méx. :
_bEl autor,
_c2015.
500 _aPara ver el contenido del material haga clic en la liga
502 _aTesis (Ing. Agr. Esp. en Zootecnia) -- UACH. Departamento Zootecnia
590 _aE6096MTM
_b05
_c20150330
_lUCH01
_h1452
590 _aE6096MTM
_b05
_c20150415
_lUCH01
_h0844
590 _aE6096MTM
_b05
_c20150415
_lUCH01
_h0848
590 _aE6096MTM
_b05
_c20150611
_lUCH01
_h1453
650 1 4 _aForrajes
_xAnálisis.
_942555
650 1 4 _aForrajes
_xComposición.
_942563
650 1 4 _aForrajes
_xValor nutritivo.
_942601
650 1 4 _aGramíneas.
_950260
650 1 4 _aPlantas
_xAnálisis químico.
_988792
650 1 4 _aQuímica vegetal.
_993602
856 _aFinding aid
_uhttp://10.13.5.2/tesis/sist111367.pdf
_zTeclea aquí
901 _aBK
942 _cTESIS
942 _n0
999 _c107829
_d107829